| Tag |
First Indicator |
Second Indicator |
Subfields |
| LEADER |
00000cam a2200000 i 4500 |
| 001 |
in00000087520 |
| 005 |
20210515063819.0 |
| 008 |
780327s1978 nyua b 00110 eng |
| 010 |
|
|
|a 78006070
|
| 020 |
|
|
|a 0684156245 :
|c $14.95
|
| 035 |
|
|
|a (OCoLC)03843350
|
| 035 |
|
|
|9 AAK4875AM
|
| 040 |
|
|
|a DLC
|c DLC
|d OCL
|d m.c.
|d TXA
|d UtOrBLW
|
| 049 |
|
|
|a TXAM
|c 1 [1187917], 2 [1502626]
|
| 050 |
0 |
0 |
|a QL737 C22
|b L66
|
| 082 |
0 |
|
|a 599/.74442
|
| 100 |
1 |
|
|a Lopez, Barry Holstun,
|d 1945-2020.
|
| 245 |
1 |
0 |
|a Of wolves and men /
|c Barry Holstun Lopez.
|
| 264 |
|
1 |
|a New York :
|b Scribner,
|c [1978]
|
| 264 |
|
4 |
|c ©1978
|
| 300 |
|
|
|a 309 pages :
|b illustrations ;
|c 25 cm.
|
| 336 |
|
|
|a text
|b txt
|2 rdacontent
|
| 337 |
|
|
|a unmediated
|b n
|2 rdamedia
|
| 338 |
|
|
|a volume
|b nc
|2 rdacarrier
|
| 500 |
|
|
|a Includes index.
|
| 504 |
|
|
|a Bibliography: pages 288-298.
|
| 536 |
|
|
|a This book is given through the estate of M.D. "Bert" Wheeler, College Station, TX, 1999.
|
| 650 |
|
0 |
|a Wolves.
|
| 650 |
|
0 |
|a Wolves
|x Miscellanea.
|
| 999 |
|
|
|a MARS
|
| 999 |
f |
f |
|s 45c21cbf-e18f-3336-a995-140bcca4ff75
|i 2f4e261a-a942-3145-96bd-3d69ec15f5a6
|t 0
|
| 952 |
f |
f |
|p normal
|a Texas A&M University
|b College Station
|c Sterling C. Evans Library
|s Evans stk
|d Evans: Library Stacks
|t 0
|e QL737 C22 L66
|h Library of Congress classification
|i unmediated -- volume
|m A14806222005
|
| 998 |
f |
f |
|a QL737 C22 L66
|t 0
|l Evans: Library Stacks
|